Spell the Marvel Character #96 - Statistics

General Stats
  • This quiz has been taken 22 times
  • The average score is 8 of 9
Answer Stats
Picture Answer % Correct
Storm
100%
Red She-Hulk
94%
Iron Fist
88%
Ironheart
88%
Iron Lad
88%
Nakia
88%
Outlaw
82%
Triton
82%
Firebird
65%
No matching quizzes found
Score Distribution
Percent of People with Each Score
Percentile by Number Answered
Your Score History
You have not taken this quiz